Návrh a realizácia komplexného mechatronického systému pre rozmietanie laserového lúča

Gespeichert in:
Bibliographische Detailangaben
1. Verfasser: Bendžala, Jakub, 1986- (Verfasst von)
Weitere Verfasser: Kozák, Štefan (Betreuung Doktorarbeit)
Format: Manuskript Buch
Sprache:Slowakisch
Veröffentlicht: Bratislava : STU v Bratislave FEI, 2012
Schlagworte:
Online-Zugang:VAIS
Tags: Tag hinzufügen
Keine Tags, Fügen Sie das erste Tag hinzu!

MARC

LEADER 00000ntm a22000003a 4500
001 stu255152
005 20160526105530.5
008 121003s2012----xo------------------slo-d
040 |a STU  |b slo 
041 0 |a slo 
044 |a xo 
100 1 |a Bendžala, Jakub,  |d 1986-  |4 aut  |u I100  |U FIIT Fakulta informatiky a informačných technológií  |T FIIT Ústav počítačových systémov a sietí  |X 36738  |U I100  |Y 178  |7 A000036738 
242 0 0 |a DESIGN AND IMPLEMENTATION OF COMPREHENSIVE MECHATRONIC SYSTEMS FOR LASER BEAM SWEEPING  |y eng 
245 1 |a Návrh a realizácia komplexného mechatronického systému pre rozmietanie laserového lúča 
260 |a Bratislava :  |b STU v Bratislave FEI,  |c 2012 
300 |a 126 s  |c príl. 
650 7 |a laserová projekcia  |2 stusub 
700 1 |a Kozák, Štefan  |4 ths  |u E010  |T FEI Ústav riadenia a priemyselnej informatiky  |X 1954  |U E010  |Y E010  |7 1954 
856 4 |a info a plný text  |u http://is.stuba.sk/zp/portal_zp.pl?podrobnosti=81856  |3 VAIS 
996 |b 284EP10405  |c E*DIPL-10405  |l EE23  |s P  |a 0  |w stu255152_0001